00407nam a2200109Ia 4500008004100000050001900041100008700060245006200147260002900209300001500238650004400253120626s9999 xx 000 0 und d aPA3416bA1 A57 aUniversidad Nacional Autónoma de Méxicoe institución que otorga el título aAntologíab: textos de autores griegos y latinoc/ UNAM aMéxicob: UNAMc, 1971 a255 pág. a1. Literatura Griega- ColeccionesÌÌ